| 000 | 00451nam a2200169 i 4500 | ||
|---|---|---|---|
| 001 | 28550 | ||
| 003 | ES-MaACL | ||
| 005 | 20240320062604.0 | ||
| 007 | t| | ||
| 008 | 030117s1908 sp ||||1| spa d | ||
| 100 | 0 |
_aAzorín, _d1873-1967 _924326 |
|
| 245 | 1 | 3 |
_aEl político / _cpor Azorín. |
| 260 |
_aMadrid : _b[s.n., _c1908] ( _fImp. de los sucs. de Hernando) |
||
| 300 |
_a215 p. ; _c19 cm. |
||
| 852 |
_aES-MaACL _jB-4180 |
||
| 999 |
_c28550 _d28550 |
||